00410nam a2200181Ia 4500003000400000005001700004008004100021020001800062040000700080041000800087082001300095100002700108245003100135260002000166300000900186650001400195700001900209OSt20251205123547.0250729s2005 xx 000 0 und d a9788183560252 cAL aeng a370 RAOI aRao Bhaskara Digumarti aIssues in school education aNew Delhic2005 a270p aEducation aRao Digumurthi